Manchester City 2025/2026 Kader - Statistiken

Allgemein
  • Dieses Quiz wurde 38 mal gespielt
  • Das Durchschnittsergebnis liegt bei 11 aus 26
Antwortstatistiken
Position Land Trikotnummer Alter Spieler % Korrekt
Tw Italien 25 27 Donnarumma Gianluigi
87%
Att Norwegen 9 25 Haaland Erling
71%
Att Ägypten 7 27 Marmoush Omar
58%
Ver Niederlande 6 31 Ake Nathan
55%
Trainer Spanien -------------- 55 Guardiola Pep
55%
Ver Portugal 3 28 Dias Ruben
52%
Mit Spanien 16 29 Rodri
52%
Tw England 1 23 Trafford James
52%
Mit Portugal 20 31 Silva Bernardo
48%
Att Belgien 11 23 Doku Jeremy
45%
Mit England 47 25 Foden Phil
45%
Ver Kroatien 24 24 Gvardiol Josko
45%
Ver England 5 31 Stones John
45%
Ver Algerien 21 24 Ait-Nouri Rayan
42%
Mit Frankreich 10 22 Cherki Rayan
42%
Att Brasilien 26 21 Savinho
42%
Mit England 33 20 O'Reilly Nico
39%
Mit Kroatien 8 31 Kovacic Mateo
35%
Mit Spanien 14 24 Nico
35%
Mit Portugal 27 27 Nunes Matheus
26%
Ver England 15 25 Guehi Marc
23%
Mit Niederlande 4 27 Reijnders Tijjani
23%
Att Ghana 42 26 Semenyo Antoine
23%
Ver England 82 21 Lewis Rico
19%
Ver Usbekistan 45 21 Khusanov Abdukodir
16%
Ver England 68 20 Alleyne Max
6%
Keine übereinstimmenden Quizze gefunden
Verteilung der Resultate
Anzahl Personen mit jedem Resultat
Perzentil nach korrekt beantworteten Fragen
Ihre Resultats-Entwicklung
Sie haben dieses Quiz noch nicht gespielt